000 nam a22 a 4500
999 _c86
_d86
005 20170417111951.0
008 170417s -uk||||| |||| 00| 0 eng d
020 _a9781847980267
040 _aAKMAL
082 _a336.200941 HAR
090 _a336.200941
_bHAR
245 0 0 _aHardman's tax rates & tables. 2008-09
250 1 0 _aCCH Hardman's tax rates & tables
260 _aBicester :
_bWolters Kluwer (UK) Ltd, CCH Editions,
_c2007-
300 _av. ;
_c23cm
650 _aTaxation
_vHandbooks, manuals, etc.
_zGreat Britain
_9230
700 1 0 _aHardman, J. Philip.
_9231
710 2 0 _aChartered Institute of Taxation.
_9232
710 2 0 _aAssociation of Taxation Technicians.
_9233
942 _2ddc
_cBOOK
950 _lAKMAL